Моноафоризми и полиафоризми (Запис номер 163966)
[ съкратено ]
| 000 -Лидер | |
|---|---|
| Контролно поле с фиксирана дължина | 01301nam a2200361 c 4500 |
| 003 - Код на организацията, давaща контролен номер | |
| Контролно поле | BLK |
| 005 - Дата и час на последна редакция | |
| Контролно поле | 20180422113945.0 |
| 008 - Елементи от данни с фиксирана дължина | |
| fixed length control field | 180410b bul|||||r ||||||| ||bul|| |
| 010 ## - Наследен системен номер | |
| LC control number | KNG00171449000 |
| 020 ## - Международен стандартен номер на книга ISBN | |
| Международен стандартен номер на книга ISBN | 978-954-423-766-0 |
| -- | издат.: Унив. изд. Паисий Хилендарски |
| 040 ## - Източник на каталожния запис | |
| Идентификатор на билиотеката - собственик на записа | BLK |
| 041 ## - Код за език | |
| Код за езика на текст/звукозапис или на отделно заглавие | Български |
| Код за езика КДБФ | Български |
| 072 #7 - Код за тематичната категория | |
| Код организация | bullib |
| Код за тематична категория | Н82 |
| Текст | Литературознание Н |
| 080 ## - УДК | |
| Текстов определител УДК | Литература |
| УДК код - определител по УДК | 82 |
| УДК определител | -84.01 |
| УДК - код + определител | 82-84.01 |
| 100 1# - Редна дума - Автор | |
| Автор | Велчев, Николай Борисов |
| Авторска отговорност | първи автор |
| R(LIN) | 367337 |
| 139 ## - Редно поле | |
| Редна дума | Велчев, Николай Борисов |
| Авторски знак | Велч - В 44 |
| 245 10 - Сведения за заглавието | |
| Заглавие | Моноафоризми и полиафоризми |
| Редно поле (дума) | Николай Борисов Велчев. |
| 257 ## - Страна на издаване | |
| Страна на създаване/издаване | България |
| 260 ## - Област на издателските данни | |
| -- | Пловдив |
| Име на издателя, разпространителя и проч. | Унив. изд. Паисий Хилендарски |
| Година на издаване | 2012 |
| 300 ## - Физическа характеристика | |
| Страници | 82 с. |
| Илюстрации и др. | с табл., ил. |
| Размери/Мащаб | 27 см |
| 380 ## - Жанр | |
| Жанр | Литературознание |
| 500 ## - Общи забележки | |
| Забележка | Библиогр.: с. 78-80. |
| 650 #4 - Допълнително описание по предмет – тема | |
| Основно описание – тема или топоним | Афоризми |
| 9 (RLIN) | 147880 |
| 653 ## - Ключова дума – ненормативна | |
| Ключова дума | афоризми |
| 653 ## - Ключова дума – ненормативна | |
| Ключова дума | теории |
| 653 ## - Ключова дума – ненормативна | |
| Ключова дума | естетика |
| 659 ## - Тематичен бюлетин | |
| Тематичен бюлетин | Н |
| 852 ## - Местоположение | |
| Форматна сигнатура | Цб ІІ 20355 |
| 856 4# - Електронен адрес и достъп | |
| Електронен формат | pdf - файл |
| Път до файла /url/ | |
| 856 4# - Електронен адрес и достъп | |
| Електронен формат | pdf - файл |
| Път до файла /url/ | |
| 942 ## - АРТИКУЛИ | |
| Вид на библиотечния материал | Книги |
| Скрит в OPAC | Не |
| 944 ## - СЪЗДАВАНЕ И РЕДАКЦИЯ на ЗАПИСА | |
| Създаване/Редакция | Създаване |
| Дата на регистрацията/редакция | 16.02.2015 |
| Служител, извършил регистрацията/редакцията | Виолета_Тройчева |
| 944 ## - СЪЗДАВАНЕ И РЕДАКЦИЯ на ЗАПИСА | |
| Създаване/Редакция | Редакция |
| Дата на регистрацията/редакция | 18.02.2015 |
| Служител, извършил регистрацията/редакцията | Пенка_Димитрова |
| 999 ## - СИСТЕМНИ КОНТРОЛНИ НОМЕРА | |
| Koha biblionumber | 163966 |
| Koha biblioitemnumber | 163966 |
| Код за отписване | Код за изгубен артикул | Код за повреда | Коз за рестрикции | Код за отдаване | Артикулен № | Име на библиотеката - собственик | Име на библиотеката, в която се намира в момента | Статус (Текущо местоположение) | Дата на вписване в системата | Местоположение - отдел | Цена в лева | Инвентарен номер | Систематично азбучна сигнатура | Баркод | Номер на екземпляра | Цена в евро | Служебна бележка | Служебен тип на артикула |
|---|---|---|---|---|---|---|---|---|---|---|---|---|---|---|---|---|---|---|
| Не е изгубен | Не е повреден | без рестрикции | ползва се в читалня | 275389 | Регионална библиотека "Любен Каравелов" Русе | Регионална библиотека "Любен Каравелов" Русе | Хранилище | 2015-02-18 | Хранилище | 18.00 | 120000785463 | Цб ІІ 20355 | 120000785463 | 1 | 9.20 | Дост: Dp Вид: Д N: 25 Дата: 31.05.2014 | Книги |